The Wampanoag / (Record no. 2135)
[ view plain ]
| 000 -LEADER | |
|---|---|
| fixed length control field | 00905cam a22002774a 4500 |
| 005 - DATE AND TIME OF LATEST TRANSACTION | |
| control field | 20231108074519.0 |
| 020 ## - INTERNATIONAL STANDARD BOOK NUMBER | |
| International Standard Book Number | 9780531207666 |
| 020 ## - INTERNATIONAL STANDARD BOOK NUMBER | |
| International Standard Book Number | 9780531293089 |
| 040 ## - CATALOGING SOURCE | |
| Original cataloging agency | DLC |
| Transcribing agency | DLC |
| Modifying agency | DLC |
| Language of cataloging | eng |
| 050 00 - LIBRARY OF CONGRESS CALL NUMBER | |
| Classification number | E99.W2 |
| Item number | C86 2011 |
| 082 00 - DEWEY DECIMAL CLASSIFICATION NUMBER | |
| Classification number | 974.4004/97348 |
| Edition number | 22 |
| 100 1# - MAIN ENTRY--PERSONAL NAME | |
| Personal name | Cunningham, Kevin, |
| Dates associated with a name | 1966- |
| 245 14 - TITLE STATEMENT | |
| Title | The Wampanoag / |
| Statement of responsibility, etc. | Kevin Cunningham and Peter Benoit. |
| 260 ## - PUBLICATION, DISTRIBUTION, ETC. | |
| Place of publication, distribution, etc. | New York : |
| Name of publisher, distributor, etc. | Children's Press, |
| Date of publication, distribution, etc. | 2011 |
| 300 ## - PHYSICAL DESCRIPTION | |
| Extent | 48 pages |
| Other physical details | Illustration |
| Dimensions | 22 cm |
| 490 0# - SERIES STATEMENT | |
| Series statement | A true book |
| 505 ## - FORMATTED CONTENTS NOTE | |
| Formatted contents note | W |
| 520 ## - SUMMARY, ETC. | |
| Summary, etc. | An exploration of the Wampanoag Indians, discussing the nation's relationship with settlers, culture, women, housing, and more. |
| 521 ## - TARGET AUDIENCE NOTE | |
| Target audience note | 900 |
| Source | Lexile estimate |
| 521 ## - TARGET AUDIENCE NOTE | |
| Target audience note | W |
| Source | Raz-Plus |
| 650 #0 - SUBJECT ADDED ENTRY--TOPICAL TERM | |
| Topical term or geographic name entry element | Wampanoag Indians |
| Form subdivision | Juvenile literature. |
| 700 1# - ADDED ENTRY--PERSONAL NAME | |
| Personal name | Benoit, Peter |
| Dates associated with a name | 1955- |
| 906 ## - LOCAL DATA ELEMENT F, LDF (RLIN) | |
| a | 7 |
| b | cbc |
| c | orignew |
| d | 1 |
| e | ecip |
| f | 20 |
| g | y-gencatlg |
| 942 ## - ADDED ENTRY ELEMENTS (KOHA) | |
| Source of classification or shelving scheme | Dewey Decimal Classification |
| Koha item type | Books |
| Suppress in OPAC | No |
| 999 ## - | |
| -- | 2135 |
| -- | 2135 |
| Withdrawn status | Lost status | Source of classification or shelving scheme | Damaged status | Not for loan | Collection | Home library | Current library | Shelving location | Date acquired | Total Checkouts | Full call number | Barcode | Date last seen | Price effective from | Koha item type |
|---|---|---|---|---|---|---|---|---|---|---|---|---|---|---|---|
| Dewey Decimal Classification | Non-Fiction | Footprints International School Library Network Toul Kork Campus | Footprints International School Library Network Toul Kork Campus | A TK Campus, 4th Floor, Room B401, Non-Fiction Bookcases(7-8) | 11/07/2023 | CUN 974.4004/97348 E99.W2 | FISTK01610 | 11/07/2023 | 11/07/2023 | Books |
